Library of the University of Algiers 3
Ibrahim Sultan Cheibout
شعار جامعة الجزائر 3
مكتبة جامعة الجزائر 3
إبراهيم سلطان شيبوط

مقدمة في علم الاقتصاد الاسلامي / (رقم التسجيلة. 42832)

تفاصيل مارك
000 -LEADER
fixed length control field 00936nam a2200205Ia 4500
003 - CONTROL NUMBER IDENTIFIER
control field Ost
005 - DATE AND TIME OF LATEST TRANSACTION
control field 20260507075108.0
008 - FIXED-LENGTH DATA ELEMENTS--GENERAL INFORMATION
fixed length control field 260507s9999||||xx |||||||||||||| ||und||
040 ## - CATALOGING SOURCE
Transcribing agency fsecg
041 ## - LANGUAGE CODE
Language code of text/sound track or separate title ara
082 ## - DEWEY DECIMAL CLASSIFICATION NUMBER
Classification number 330.121
100 ## - MAIN ENTRY--PERSONAL NAME
Personal name يسري احمد، عبد الرحمن
Relator term مؤلف
245 #0 - TITLE STATEMENT
Title مقدمة في علم الاقتصاد الاسلامي /
Statement of responsibility, etc. عبد الرحمن يسري احمد
260 ## - PUBLICATION, DISTRIBUTION, ETC.
Place of publication, distribution, etc. الاسكندرية:
Name of publisher, distributor, etc. الدار الجامعية,
Date of publication, distribution, etc. 2000
300 ## - PHYSICAL DESCRIPTION
Extent 172 صفحة؛
504 ## - BIBLIOGRAPHY, ETC. NOTE
Bibliography, etc. note مراجع ص.163
520 ## - SUMMARY, ETC.
Summary, etc. مقدمات و قواعد أساسية و انتقاء الحاجات الاستهلاكية و ترتيبها و أسس تنظيم النشاط الانتاجي و تناول مشكلة التوزيع و كذا التنمية الاقتصادية و اخيرا تم التطرق الى السكان.
653 ## - INDEX TERM--UNCONTROLLED
Uncontrolled term الإقتصاد الإسلامي
942 ## - ADDED ENTRY ELEMENTS (KOHA)
Koha item type كتب
المقتنيات
Withdrawn status Lost status Source of classification or shelving scheme Damaged status Not for loan Home library Current library Date acquired Serial enumeration / chronology Inventory number Total checkouts Full call number Barcode Date last seen Price effective from Koha item type
    Dewey Decimal Classification   NOT LOAN / إعارة داخلية مكتبة كلية العلوم الإقتصادية والعلوم التجارية وعلوم التسيير مكتبة كلية العلوم الإقتصادية والعلوم التجارية وعلوم التسيير 07/05/2026 الطابق الأرضي 1463/1   أ/1463ن1 1463/1 07/05/2026 07/05/2026 كتب

موارد الويب المفتوحة


© University of Algiers 3 All Rights Reserved
|
Implemented by LECHELAH Riad